A Text Book Of Fundamentals of Nursing/ (Record no. 196488)

MARC details
000 -LEADER
fixed length control field 00648nam a22001937a 4500
005 - DATE AND TIME OF LATEST TRANSACTION
control field 20230710125307.0
010 ## - LCCN (DPL NO)
LC control number ENG-137266
020 ## - INTERNATIONAL STANDARD BOOK NUMBER
International Standard Book Number 9789385616303
Terms of availability 999.00
035 ## - SYSTEM CONTROL NUMBER
System control number EN-120798
037 ## - SOURCE OF ACQUISITION
Source of stock number/acquisition DBAD/PUB
082 ## - DEWEY DECIMAL CLASSIFICATION NUMBER
Edition number 610.73
100 ## - MAIN ENTRY--PERSONAL NAME
Personal name ANURADHA,S
245 ## - TITLE STATEMENT
Title A Text Book Of Fundamentals of Nursing/
Statement of responsibility, etc S. Anuradha
260 ## - PUBLICATION, DISTRIBUTION, ETC. (IMPRINT)
Place of publication, distribution, etc Andhra Pradesh
Date of publication, distribution, etc 2022
Name of publisher, distributor, etc Vijayam Publications
270 ## - ADDRESS
Address 14-7-13, Sambhamurty Road, opp. Alapaati Rama Rao Arya Vysya Kalyana Mandapam, Hanumanpet ,Vijayawada
City Andhra Pradesh
Postal code 520003
300 ## - PHYSICAL DESCRIPTION
Extent 20, Variable pages
Dimensions 24cm(pbk)
600 ## - SUBJECT ADDED ENTRY--PERSONAL NAME
Dates associated with a name
942 ## - ADDED ENTRY ELEMENTS (KOHA)
Source of classification or shelving scheme Dewey Decimal Classification
Item type English Books
Call number suffix ANU
Classification part 610.73
Holdings
Withdrawn status Lost status Not for loan Home library Current library Date acquired Full call number Koha item type Collection code Source of acquisition Cost, normal purchase price Barcode Copy number Cost, replacement price
      D.B.Act.Division D.B.Act.Division 05/07/2023 610.73 ANU English Books            
      Narela Narela 05/07/2023 610.73 ANU English Books Non-fiction DBAD/PUB 999.00 EN-120798 1 999.00

© Delhi Public Library
Hit Counter
free hit counter